000 00463nam a22001697a 4500
999 _c524350
_d524350
003 NUST
038 _awaseem
082 _a297.6092
_bNAW
100 _aNawaz, Malik Muhammad
_915172
245 _aSafhat-e-Chakwal /
_cMalik Muhammad Nawaz
260 _aRawalpindi :
_bMuhammad Yousaf,
_c1974.
300 _a234 p. ;
500 _aPaperback.
880 _6100-01\r
_aملک محمد نواز
880 _6245-02\r
_aصفحاتِ چکوال /
942 _2ddc
_cBK